[Event "Rheinland Pfalz op 10th"]
[Site "Nickenich"]
[Date "2018.05.31"]
[Round "1"]
[White "Minkovitch, Michael"]
[Black "Bleisinger, Emil"]
[Result "1/2-1/2"]
[WhiteElo "2123"]
[BlackElo "1668"]
[PlyCount "59"]
[EventDate "2018.05.31"]
[EventType "swiss"]
[EventRounds "7"]
[EventCountry "GER"]
[SourceTitle "CBM 184 Extra"]
[Source "ChessBase"]
[SourceDate "2018.06.28"]
[SourceVersion "1"]
[SourceVersionDate "2018.06.28"]
[SourceQuality "1"]

1. e4 c5 2. Nf3 e6 3. d4 cxd4 4. Nxd4 a6 5. g3 Qc7 6. Bg2 Nc6 7. Nb3 b5 8. 0-0 Bb7 9. Be3 Rc8 10. Nc5 Bxc5 11. Bxc5 Qe5 12. Qd6 Qxd6 13. Bxd6 Nd4 14. Be5 Ne2+ 15. Kh1 f6 16. Bc3 Nxc3 17. Nxc3 b4 18. Na4 Ke7 19. Rfc1 Nh6 20. a3 Rc4 21. b3 Rd4 22. Nc5 Bc8 23. axb4 Rxb4 24. h3 Nf7 25. Nxa6 Bxa6 26. Rxa6 Rc8 27. c4 Rxb3 28. c5 Ne5 29. Rc2 Nd3 30. Bf1 1/2-1/2

[Event "Pfalz-ch HT2 87th"]
[Site "Landau"]
[Date "2018.03.31"]
[Round "7"]
[White "Steiner, Peter Markus"]
[Black "Bleisinger, Emil"]
[Result "1-0"]
[WhiteElo "1504"]
[BlackElo "1551"]
[PlyCount "121"]
[EventDate "2018.03.23"]
[EventType "swiss"]
[EventRounds "7"]
[EventCountry "GER"]
[SourceTitle "EXT 2019"]
[Source "ChessBase"]
[SourceDate "2018.10.10"]
[SourceVersion "1"]
[SourceVersionDate "2018.10.10"]
[SourceQuality "1"]

1. b4 Nf6 2. Bb2 g6 3. e3 Bg7 4. c4 0-0 5. Nf3 d6 6. d4 Bg4 7. Be2 Nfd7 8. Nc3 e5 9. 0-0 f5 10. Qb3 Kh8 11. Rad1 e4 12. Nd2 Bxe2 13. Nxe2 Qh4 14. Nf4 Nf6 15. Ne6 Rf7 16. Nxg7 Kxg7 17. f3 Nbd7 18. fxe4 Nxe4 19. Nxe4 Qxe4 20. Rf4 Qe7 21. Rdf1 Raf8 22. Qd3 Nf6 23. d5 Kg8 24. Qd4 Qe5 25. Qxe5 dxe5 26. Bxe5 Ne4 27. Rd1 Re7 28. Bd4 a5 29. b5 b6 30. Rff1 Nd6 31. Rc1 Rfe8 32. a4 Ne4 33. Rc2 h5 34. Rb2 Kh7 35. g3 Kh6 36. Kg2 g5 37. Rxf5 g4 38. Rf4 Nd6 39. c5 Nc4 40. Rc2 Nxe3+ 41. Bxe3 Rxe3 42. cxb6 cxb6 43. Rd2 Re2+ 44. Rf2 Rxf2+ 45. Kxf2 Kg6 46. d6 Kf6 47. d7 Rd8 48. Ke3 Ke5 49. Rd4 Ke6 50. Ke4 Ke7 51. Kf5 Rxd7 52. Rxd7+ Kxd7 53. Kg5 Kd6 54. Kxh5 Kc5 55. Kxg4 Kb4 56. h4 Kxa4 57. h5 Kb3 58. h6 a4 59. h7 a3 60. h8Q a2 61. Qa1 1-0

[Event "Pfalz-ch HT2 87th"]
[Site "Landau"]
[Date "2018.03.30"]
[Round "6"]
[White "Bleisinger, Emil"]
[Black "Koch, Frank1111"]
[Result "0-1"]
[WhiteElo "1551"]
[BlackElo "1778"]
[PlyCount "82"]
[EventDate "2018.03.23"]
[EventType "swiss"]
[EventRounds "7"]
[EventCountry "GER"]
[SourceTitle "EXT 2019"]
[Source "ChessBase"]
[SourceDate "2018.10.10"]
[SourceVersion "1"]
[SourceVersionDate "2018.10.10"]
[SourceQuality "1"]

1. e4 c6 2. d4 d5 3. e5 Bf5 4. h4 h6 5. g4 Bd7 6. f4 e6 7. Bd3 c5 8. Nf3 Qb6 9. dxc5 Bxc5 10. Qe2 Nc6 11. Nc3 Nb4 12. Rf1 Nxd3+ 13. Qxd3 Bb4 14. Be3 Qa5 15. Bd2 Rc8 16. Nd4 Rc4 17. f5 Qb6 18. fxe6 Bxe6 19. Nxe6 Qxe6 20. Qxd5 Qxd5 21. Nxd5 Bxd2+ 22. Kxd2 Rd4+ 23. Ke3 Rxd5 24. Ke4 Ne7 25. Rf2 0-0 26. Raf1 Ra5 27. e6 f6 28. g5 hxg5 29. hxg5 Rxg5 30. Kd3 Rd8+ 31. Kc4 Re5 32. Rh2 Rxe6 33. Rfh1 Rc6+ 34. Kb3 Rd5 35. c4 Rd4 36. Rh8+ Kf7 37. Rg1 Rdxc4 38. Rh7 Nf5 39. Rh5 Nd4+ 40. Ka3 Ra6+ 41. Ra5 Rxa5# 0-1

[Event "Pfalz-ch HT2 87th"]
[Site "Landau"]
[Date "2018.03.23"]
[Round "1"]
[White "Weissmann, Joerg"]
[Black "Bleisinger, Emil"]
[Result "1-0"]
[WhiteElo "1941"]
[BlackElo "1551"]
[PlyCount "73"]
[EventDate "2018.03.23"]
[EventType "swiss"]
[EventRounds "7"]
[EventCountry "GER"]
[SourceTitle "EXT 2019"]
[Source "ChessBase"]
[SourceDate "2018.10.10"]
[SourceVersion "1"]
[SourceVersionDate "2018.10.10"]
[SourceQuality "1"]

1. e4 d6 2. d4 Nf6 3. Nc3 g6 4. f3 c6 5. Be3 b5 6. Qd2 a5 7. Nge2 Qc7 8. a3 Ba6 9. b4 Nbd7 10. Nf4 Rb8 11. Rb1 Nb6 12. bxa5 Nc4 13. Bxc4 bxc4 14. Rxb8+ Qxb8 15. 0-0 Bg7 16. d5 c5 17. Rb1 Qc7 18. Rb6 Qa7 19. a4 0-0 20. Nb5 Bxb5 21. Rxb5 Rb8 22. Qe1 Rxb5 23. axb5 Qb7 24. Qb1 Nd7 25. Ne2 e6 26. dxe6 fxe6 27. Bd2 d5 28. exd5 exd5 29. a6 Qc7 30. Qe1 d4 31. Ba5 Qb8 32. Ng3 Kf7 33. Qe4 Nf6 34. Qc6 d3 35. Qxc5 dxc2 36. Qxc4+ Kf8 37. b6 1-0